| 000 | 00712nam a2200217Ii 4500 | ||
|---|---|---|---|
| 003 | JO-AjNU | ||
| 008 | 230605s9999||||xx |||||||||||||| ||und|| | ||
| 017 | _a1991/9644 | ||
| 020 | _a977-04-0767-4 | ||
| 040 |
_aJO-AjNU _bara _erda _cJO-AjNU |
||
| 041 | _aara | ||
| 050 | 1 | 4 | _aKRM3810.M3392.1992 |
| 100 | 3 |
_aحسنى، محمود نجيب, _eauthor _944727 |
|
| 245 | 0 | 0 | _aالدستور والقانون الجنائي |
| 264 | 3 | 1 | _aالقاهرة : دار النهضة العربية، 1992 |
| 300 | _a157ص | ||
| 336 |
_atext _btxt _2rdacontent |
||
| 337 |
_aunmediated _bn _2rdamedia |
||
| 338 |
_avolume _bnc _2rdacarrier |
||
| 650 | 4 |
_aقانون جنائي -- مصر-- قانون دستوري _944728 |
|
| 999 |
_aA19334 _c22902 _d22902 |
||